000 00503nam a2200193Ia 4500
005 20250325045350.0
008 240331s9999 xx 000 0 und d
020 _a0415902886
082 _a302.234
_bLEW
_21097
100 _aLewis, J
245 4 _aThe Ideological Octopus:
_bAn Exploration of Television and it's Audience
260 _aLondon;
_aNew York,
_bRoutledge
_c1991
300 _ax, 218 p.,
650 _aMedia
650 _aTelevision
650 _aCulture
650 _aWomen
942 _cL
999 _c1152
_d1152